<?xml version="1.0" encoding="UTF-8"?>
<record
    xmlns:xsi="http://www.w3.org/2001/XMLSchema-instance"
    xsi:schemaLocation="http://www.loc.gov/MARC21/slim http://www.loc.gov/standards/marcxml/schema/MARC21slim.xsd"
    xmlns="http://www.loc.gov/MARC21/slim">

  <leader>00581cam a2200217 i 4500</leader>
  <datafield tag="999" ind1=" " ind2=" ">
    <subfield code="c">6928</subfield>
    <subfield code="d">6928</subfield>
  </datafield>
  <datafield tag="020" ind1=" " ind2=" ">
    <subfield code="a">9789864061419</subfield>
    <subfield code="c">NT320</subfield>
  </datafield>
  <datafield tag="100" ind1="1" ind2=" ">
    <subfield code="a">&#x5927;&#x5E2B;&#x5144;</subfield>
  </datafield>
  <datafield tag="245" ind1="1" ind2="0">
    <subfield code="a">&#x4F60;&#x597D;&#xFF0C;&#x6211;&#x662F;&#x63A5;&#x9AD4;&#x54E1; /</subfield>
    <subfield code="c">&#x5927;&#x5E2B;&#x5144;&#x8457;</subfield>
  </datafield>
  <datafield tag="250" ind1=" " ind2=" ">
    <subfield code="a">&#x521D;&#x7248;</subfield>
  </datafield>
  <datafield tag="260" ind1=" " ind2=" ">
    <subfield code="a">&#x81FA;&#x5317;&#x5E02; :</subfield>
    <subfield code="b">&#x5BF6;&#x74F6;&#x6587;&#x5316; ,</subfield>
    <subfield code="c">2018.12.</subfield>
  </datafield>
  <datafield tag="300" ind1=" " ind2=" ">
    <subfield code="a">252&#x9762; :</subfield>
    <subfield code="b">&#x5716; ;</subfield>
    <subfield code="c">21&#x516C;&#x5206;</subfield>
  </datafield>
  <datafield tag="490" ind1="1" ind2=" ">
    <subfield code="a">Vision ;</subfield>
    <subfield code="v">169.</subfield>
  </datafield>
  <datafield tag="942" ind1=" " ind2=" ">
    <subfield code="2">ccl</subfield>
    <subfield code="c">BOOK</subfield>
  </datafield>
  <datafield tag="952" ind1=" " ind2=" ">
    <subfield code="0">0</subfield>
    <subfield code="1">0</subfield>
    <subfield code="2">ccl</subfield>
    <subfield code="4">0</subfield>
    <subfield code="7">0</subfield>
    <subfield code="a">yeezen</subfield>
    <subfield code="b">yeezen</subfield>
    <subfield code="c">YEEZEN</subfield>
    <subfield code="d">2019-04-18</subfield>
    <subfield code="l">25</subfield>
    <subfield code="m">6</subfield>
    <subfield code="o">489.6607</subfield>
    <subfield code="p">C02525</subfield>
    <subfield code="r">2024-02-19 00:00:00</subfield>
    <subfield code="s">2024-01-22</subfield>
    <subfield code="w">2019-04-18</subfield>
    <subfield code="y">BOOK</subfield>
    <subfield code="z">&#x4F60;&#x597D;&#xFF0C;&#x6211;&#x662F;&#x6BAF;&#x5100;&#x9928;&#x7684;&#x63A5;&#x9AD4;&#x54E1;&#x3002; &#x3000;&#x3000;&#x6211;&#x5011;&#x9019;&#x88E1;&#x51B0;&#x4E86;&#x5F88;&#x591A;&#x90FD;&#x662F;&#x6BD4;&#x8F03;&#x7AAE;&#x82E6;&#x7684;&#x4EBA;&#xFF0C;&#x6216;&#x662F;&#x7121;&#x540D;&#x5C4D;&#x8DDF;&#x6709;&#x540D;&#x7121;&#x4E3B;&#x7684;&#x3002;&#x8A31;&#x591A;&#x4EBA;&#x90FD;&#x4EE5;&#x70BA;&#x5728;&#x6BAF;&#x5100;&#x9928;&#x5DE5;&#x4F5C;&#x6703;&#x9047;&#x5230;&#x5F88;&#x591A;&#x9748;&#x7570;&#x4E8B;&#x4EF6;&#xFF0C;&#x8001;&#x5BE6;&#x8AAA;&#x4E26;&#x4E0D;&#x591A;&#xFF0C;&#x5012;&#x662F;&#x56E0;&#x70BA;&#x5E38;&#x5E38;&#x63A5;&#x89F8;&#x5C4D;&#x9AD4;&#xFF0C;&#x770B;&#x591A;&#x4E86;&#x6B7B;&#x4EA1;&#x9762;&#x524D;&#x6240;&#x5C55;&#x9732;&#x7684;&#x4EBA;&#x6027;&#xFF0C;&#x8B93;&#x6211;&#x5C0D;&#x300C;&#x4EBA;&#x985E;&#x300D;&#x9019;&#x7A2E;&#x751F;&#x7269;&#xFF0C;&#x6709;&#x4E86;&#x4E0D;&#x4E00;&#x6A23;&#x7684;&#x601D;&#x8003;&#x3002;</subfield>
  </datafield>
</record>
